00273nam a2200121Ia 4500008004100000082001000041100001600051245002200067600000900089630002200098700000900120730002200129090122s9999 xx 000 0 und d b10257 aCarybJoyce aTHE HORSE'S MOUTH aCary aTHE HORSE'S MOUTH aCary aTHE HORSE'S MOUTH